| 000 | 00591nam a2200205Ia 4500 | ||
|---|---|---|---|
| 005 | 20250508150457.0 | ||
| 008 | 008 250505s9999 xx 000 0 eng d | ||
| 037 | _aReference | ||
| 040 |
_aFEDL _beng _cFEDL |
||
| 041 |
_aeng _2eng |
||
| 084 |
_a370.973, FRA _qFEDL |
||
| 100 |
_aFrasier George Willard _9756775 |
||
| 245 | 0 | _aIntroduction to education | |
| 250 | _a3 | ||
| 260 |
_aChicago _bScott, Foresman and Company USA _c1933 |
||
| 300 | _axiii,422p | ||
| 700 |
_a Armentrout Winfield Dockery _9756776 |
||
| 942 |
_cREF _h370.973, FRA |
||
| 999 |
_c1323831 _d1323831 |
||